000 00671nam a2200217 i 4500
001 147934
003 ES-MaACL
005 20250801090234.0
007 t|
008 071009s1967 sp |||| | spa d
080 _a82-311.2"19"
100 1 _aUpdike, John.
_9112046
245 1 0 _aEn torno a la granja /
_cJohn Updike ; [traducción, Carlos Mellizo Cuadrado].
260 _aMadrid :
_bMagisterio Español,
_c[1967]
300 _a215 p. :
_bil. ;
_c18 cm.
490 1 _aNovelas y cuentos ;
_v11. Literatura
700 1 _aMellizo, Carlos.
_979998
830 1 0 _aNovelas y cuentos
_v11. Literatura
_9179596
852 _aES-MaACL
_jC-34274
999 _c147934
_d147934